Guidebook of biodiversity princuples for developers and planners

Bibliographic Details
Main Author: MACKINNON
Corporate Author: ASEAN Regional Centre for Biodiversity Conservation
Other Authors: Rees, Uriarte
Format: Book
Published: Laguna, Philippines : ASEAN Regional Centre for Biodiversity Conservation , (19 _ _)
Subjects:

MARC

LEADER 00000cam a2200000 7i4500
001 0000002169
005 20030318.0
090 0 0 |a 333.516   |b MACK (19_ _) 
100 1 0 |a MACKINNON   |h John 
245 1 0 |a Guidebook of biodiversity princuples for developers and planners   |c John MacKinnon, Colin Rees & Monina Uriarte 
260 0 0 |a Laguna, Philippines :   |b ASEAN Regional Centre for Biodiversity Conservation ,   |c (19 _ _) 
300 |a vii, 81 p. :   |b ill. ;   |c 15x21 cm. 
650 0 0 |a Conservation of natural resources 
650 0 0 |a Ecology 
700 0 1 |a Rees   |h Colin 
700 0 1 |a Uriarte   |h Monina 
710 1 1 |a ASEAN Regional Centre for Biodiversity Conservation 
998 |a JPSM 
999 |a 0000003730   |b Monograph   |c Open Shelf   |e Default branch